World Capitals Without a List - Statistics

General Stats
  • This quiz has been taken 11 times
  • The average score is 143 of 196
Answer Stats
Country Capital City % Correct
Australia Canberra
90%
United Kingdom London
90%
Canada Ottawa
90%
France Paris
90%
Italy Rome
90%
Fiji Suva
90%
Austria Vienna
90%
New Zealand Wellington
90%
Nigeria Abuja
80%
Ghana Accra
80%
Ethiopia Addis Ababa
80%
Algeria Algiers
80%
Jordan Amman
80%
Andorra Andorra la Vella
80%
Kazakhstan Astana
80%
Paraguay Asunción
80%
Greece Athens
80%
Iraq Baghdad
80%
Thailand Bangkok
80%
Germany Berlin
80%
Switzerland Bern
80%
Kyrgyzstan Bishkek
80%
Guinea-Bissau Bissau
80%
Colombia Bogotá
80%
Brazil Brasília
80%
Slovakia Bratislava
80%
Republic of the Congo Brazzaville
80%
Belgium Brussels
80%
Romania Bucharest
80%
Hungary Budapest
80%
Egypt Cairo
80%
Venezuela Caracas
80%
Moldova Chișinău
80%
East Timor Dili
80%
Qatar Doha
80%
Ireland Dublin
80%
Tajikistan Dushanbe
80%
Sierra Leone Freetown
80%
Vietnam Hanoi
80%
Zimbabwe Harare
80%
Finland Helsinki
80%
Pakistan Islamabad
80%
Indonesia Jakarta
80%
South Sudan Juba
80%
Afghanistan Kabul
80%
Sudan Khartoum
80%
Rwanda Kigali
80%
Jamaica Kingston
80%
Saint Vincent and the Grenadines Kingstown
80%
Malaysia Kuala Lumpur
80%
Kuwait Kuwait City
80%
Ukraine Kyiv
80%
Bolivia La Paz / Sucre
80%
Peru Lima
80%
Portugal Lisbon
80%
Togo Lomé
80%
Angola Luanda
80%
Zambia Lusaka
80%
Luxembourg Luxembourg
80%
Marshall Islands Majuro
80%
Nicaragua Managua
80%
Philippines Manila
80%
Mozambique Maputo
80%
Belarus Minsk
80%
Liberia Monrovia
80%
Uruguay Montevideo
80%
Kenya Nairobi
80%
Bahamas Nassau
80%
India New Delhi
80%
Panama Panama City
80%
Suriname Paramaribo
80%
Montenegro Podgorica
80%
Trinidad and Tobago Port-of-Spain
80%
Czech Republic Prague
80%
Cape Verde Praia
80%
South Africa Pretoria / Cape Town / Bloemfontein
80%
Ecuador Quito
80%
Morocco Rabat
80%
Iceland Reykjavík
80%
Latvia Riga
80%
Saudi Arabia Riyadh
80%
Dominica Roseau
80%
Antigua and Barbuda Saint John's
80%
El Salvador San Salvador
80%
Chile Santiago
80%
South Korea Seoul
80%
North Macedonia Skopje
80%
Kiribati South Tarawa
80%
Sweden Stockholm
80%
Estonia Tallinn
80%
Iran Tehran
80%
Albania Tirana
80%
Japan Tokyo
80%
Libya Tripoli
80%
Tunisia Tunis
80%
Liechtenstein Vaduz
80%
Malta Valletta
80%
Vatican City Vatican City
80%
Seychelles Victoria
80%
Lithuania Vilnius
80%
United States Washington D.C.
80%
United Arab Emirates Abu Dhabi
70%
Netherlands Amsterdam
70%
Turkey Ankara
70%
Eritrea Asmara
70%
Gambia Banjul
70%
China Beijing
70%
Lebanon Beirut
70%
Serbia Belgrade
70%
Belize Belmopan
70%
Argentina Buenos Aires
70%
Saint Lucia Castries
70%
Equatorial Guinea Ciudad de la Paz
70%
Guinea Conakry
70%
Denmark Copenhagen
70%
Senegal Dakar
70%
Bangladesh Dhaka
70%
Tanzania Dodoma
70%
Tuvalu Funafuti
70%
Botswana Gaborone
70%
Guatemala Guatemala City
70%
Cuba Havana
70%
Solomon Islands Honiara
70%
Israel Jerusalem
70%
Uganda Kampala
70%
Democratic Republic of the Congo Kinshasa
70%
Gabon Libreville
70%
Slovenia Ljubljana
70%
Spain Madrid
70%
Maldives Malé
70%
Bahrain Manama
70%
Lesotho Maseru
70%
Eswatini Mbabane
70%
Mexico Mexico City
70%
Somalia Mogadishu
70%
Monaco Monaco
70%
Russia Moscow
70%
Oman Muscat
70%
Cyprus Nicosia
70%
Norway Oslo
70%
Federated States of Micronesia Palikir
70%
Cambodia Phnom Penh
70%
Haiti Port-au-Prince
70%
Vanuatu Port Vila
70%
Kosovo Pristina
70%
North Korea Pyongyang
70%
Grenada Saint George's
70%
Yemen Sana'a
70%
Costa Rica San José
70%
San Marino San Marino
70%
Dominican Republic Santo Domingo
70%
Singapore Singapore
70%
Bulgaria Sofia
70%
Taiwan Taipei
70%
Uzbekistan Tashkent
70%
Mongolia Ulaanbaatar
70%
Poland Warsaw
70%
Namibia Windhoek
70%
Croatia Zagreb
70%
Madagascar Antananarivo
60%
Samoa Apia
60%
Turkmenistan Ashgabat
60%
Azerbaijan Baku
60%
Mali Bamako
60%
Central African Republic Bangui
60%
Saint Kitts and Nevis Basseterre
60%
Barbados Bridgetown
60%
Syria Damascus
60%
Djibouti Djibouti
60%
Guyana Georgetown
60%
Nepal Kathmandu
60%
Comoros Moroni
60%
Chad N'Djamena
60%
Niger Niamey
60%
Tonga Nukuʻalofa
60%
Burkina Faso Ouagadougou
60%
Mauritius Port Louis
60%
Papua New Guinea Port Moresby
60%
Benin Porto-Novo / Cotonou
60%
São Tomé and Príncipe São Tomé
60%
Bosnia and Herzegovina Sarajevo
60%
Sri Lanka Sri Jayawardenepura Kotte
60%
Georgia Tbilisi
60%
Honduras Tegucigalpa
60%
Bhutan Thimphu
60%
Laos Vientiane
60%
Ivory Coast Yamoussoukro
60%
Armenia Yerevan
60%
Burundi Gitega
50%
Malawi Lilongwe
50%
Palau Ngerulmud
50%
Mauritania Nouakchott
50%
Cameroon Yaoundé
50%
Nauru Yaren
50%
Brunei Bandar Seri Begawan
40%
Myanmar Naypyidaw
40%
No matching quizzes found
Score Distribution
Percent of People with Each Score
Percentile by Number Answered
Your Score History
You have not taken this quiz